El despertar del islam
Sparad:
| Huvudupphovsman: | |
|---|---|
| Materialtyp: | Bok |
| Språk: | spanska |
| Publicerad: |
Bilbao
Desclee de Bouwer
1992
|
| Serie: | Colección breve, 5
|
| Ämnen: | |
| Taggar: |
Lägg till en tagg
Inga taggar, Lägg till första taggen!
|
MARC
| LEADER | 00000nam a2200000 a 4500 | ||
|---|---|---|---|
| 001 | UCX9661 | ||
| 003 | CL-VaPUC | ||
| 008 | 940621e19920000SP |||||||||||||||||spa|d | ||
| 082 | 0 | 4 | |a 297 |b DUP |2 21 |
| 100 | 0 | |a Du Pasquier, Roger |e author |9 327128 | |
| 245 | 1 | 3 | |a El despertar del islam |
| 300 | |a 131 p | ||
| 942 | |c BK | ||
| 945 | |d 19940621 00:00:00 |a oaravena | ||
| 260 | |a Bilbao |b Desclee de Bouwer |c 1992 | ||
| 650 | 0 | |a Islamismo |9 314084 | |
| 583 | |a last modification |c 19940621 00:00:00 |k Rodrigo Vera | ||
| 490 | 0 | |a Colección breve, 5 | |
| 999 | |c 228840 |d 228838 | ||
| 952 | |0 0 |1 0 |4 0 |6 297_000000000000000_DUP_1992 |7 0 |8 A |9 229289 |a BIBHIS |b BIBHIS |d 2019-11-15 |i 2986485 |o 297 DUP 1992 |p 2986485 |r 2025-01-20 |w 2019-11-15 |y BK |k HIS | ||